[Event "Czerniak mem 14th"]
[Site "Tel Aviv"]
[Date "1998.04.18"]
[Round "9"]
[White "Kundin, Alexander"]
[Black "Polgar, Sofia"]
[Result "0-1"]
[WhiteElo "2425"]
[BlackElo "2485"]

1.e4 e5 2.Nf3 Nc6 3.Bb5 Nf6 4.Qe2 d6 5.O-O Bd7 6.c3 a6 7.Ba4 g6 8.d4 Qe7
9.Bg5 Bg7 10.Nbd2 h6 11.Bh4 O-O 12.Bb3 Qe8 13.dxe5 dxe5 14.Bxf6 Bxf6 15.Nc4 Bg7
16.Rad1 Kh7 17.Ne3 Ne7 18.Nc4 Nc6 19.Rfe1 f6 20.Nh4 Nd8 21.Ne3 Bc6 22.Nd5 Ne6
23.Qg4 Bxd5 24.Bxd5 Nf4 25.Bxb7 Rb8 26.Bxa6 Rxb2 27.Bc4 Qc6 28.Bb3 f5 29.exf5 gxf5
30.Qf3 Qf6 31.Qg3 Ne2+ 32.Rxe2 Rxe2 33.Bc4 Re4 34.Nxf5 Rxc4 35.Nxg7 Rxc3
36.Nh5 Qf7 37.Qh4 Rc4 38.Nf6+ Kg7 39.Nh5+ Kh8 40.f4 exf4 41.Qh3 Rc5  0-1

[Event "Cardoza US op"]
[Site "Kona"]
[Date "1998.08.02"]
[Round "2"]
[White "Stenzel, Harold"]
[Black "Polgar, Sofia"]
[Result "1/2-1/2"]
[WhiteElo "2165"]
[BlackElo "2505"]

1.e4 c5 2.Nf3 Nc6 3.d4 cxd4 4.Nxd4 Qc7 5.Nc3 e6 6.Nxc6 bxc6 7.Bd3 d5 8.O-O Nf6
9.exd5 exd5 10.Re1+ Be7 11.Qf3 Bg4 12.Qf4 Qd7 13.h3 Be6 14.Bd2 O-O 15.Rad1 c5
16.Qf3 d4 17.Ne4 c4 18.Nxf6+ Bxf6 19.Bf1 Bd5 20.Qg3 Qf5 21.c3 d3 22.b3 Rfd8
23.bxc4 Bxc4 24.Re3 Qb5 25.Rde1 Rac8 26.Rf3 Qb2 27.Rxf6 Qxd2 28.Re4 Qxc3
29.Rd6 Rxd6 30.Qxd6 Qc1 31.Kh2 h6 32.Bxd3 Bxa2 33.Qd7 Be6 34.Qxa7 Bf5 35.Re3 Bxd3
36.Rxd3 Qf4+ 37.g3 Qf5 38.Qe3 Rc2 39.Rd2 Rc4 40.Rd8+ Kh7 41.Qd3 Re4 42.f3 Re5
43.Qxf5+ Rxf5 44.Kg2 Rb5 45.Rd2 h5 46.h4 Rb3 47.Re2 f6 48.Kf2 Kg6 49.Kg2 Kf5
50.Kf2 g5 51.hxg5 fxg5 52.Ra2 Rb5 53.Ke3 g4 54.Ra3 Rc5 55.Rb3 gxf3  1/2-1/2

[Event "NLD-chT sf"]
[Site "Breda"]
[Date "1998.??.??"]
[Round "?"]
[White "Van der Vorm, Teun"]
[Black "Polgar, Sofia"]
[Result "0-1"]
[WhiteElo "2380"]
[BlackElo "2485"]

1.e4 c5 2.Nf3 e6 3.d4 cxd4 4.Nxd4 Nc6 5.Nb5 d6 6.c4 Nf6 7.N1c3 a6 8.Na3 Be7
9.Be2 b6 10.O-O Bb7 11.Be3 Ne5 12.f3 Qc7 13.Qb3 Ned7 14.Rfd1 O-O 15.Rd2 Rfe8
16.Bf2 Rac8 17.Re1 Kh8 18.Nab1 Nh5 19.Qd1 Nf4 20.Bf1 g5 21.Bd4+ Kg8 22.Ne2 Ng6
23.Ng3 Nde5 24.Nh5 Rf8 25.Nc3 f5 26.exf5 Rxf5 27.Ne4 Rcf8 28.Nhg3 Rf4 29.Be3 Rxf3
30.Bxg5 Bxg5 31.Nxg5 R3f6 32.N3e4 Bxe4 33.Nxe4 Rf4 34.Rxd6 Ng4 35.b4 N6e5
36.Ng3 Nf2 37.Qd2 Qf7 38.Qe2  0-1

[Event "ISR-chT"]
[Site "Israel"]
[Date "1999.01.08"]
[Round "1"]
[White "Polgar, Sofia"]
[Black "Srumin, Galina"]
[Result "1-0"]
[WhiteElo "2505"]
[BlackElo "2125"]

1.e4 e5 2.Nf3 Nc6 3.Bb5 a6 4.Ba4 Nf6 5.O-O Nxe4 6.d4 b5 7.Bb3 d5 8.dxe5 Be6
9.c3 Nc5 10.Bc2 Bg4 11.Re1 Qd7 12.Nbd2 Be7 13.Nf1 Rd8 14.Ne3 Bh5 15.Nf5 Ne6
16.a4 Bg6 17.axb5 axb5 18.g4 Bc5 19.b4 Bb6 20.Bd3 Ne7 21.Nxe7 Kxe7 22.Bf5 Kf8
23.Qd3 c6 24.Be3 Qb7 25.Ra2 h5 26.Bxb6 Qxb6 27.Bxg6 Nf4 28.Qf5 Nxg6 29.Ng5 Qb7
30.Ne6+ Ke7 31.Nxd8 Rxd8 32.Rea1  1-0

[Event "ISR-chT"]
[Site "Israel"]
[Date "1999.01.22"]
[Round "3"]
[White "Polgar, Sofia"]
[Black "Segal, Anna"]
[Result "0-1"]
[WhiteElo "2505"]
[BlackElo "2245"]

1.e4 e5 2.Nf3 Nc6 3.Bb5 a6 4.Ba4 Nf6 5.O-O Bc5 6.c3 b5 7.Bc2 d6 8.h3 Bb7
9.d4 Bb6 10.a3 O-O 11.Bg5 h6 12.Bh4 Qe7 13.Qd3 Nb8 14.Nbd2 c5 15.b3 cxd4
16.cxd4 Nbd7 17.b4 Rfc8 18.Rac1 Nf8 19.Bg3 Ng6 20.dxe5 dxe5 21.Nh4 Nxh4 22.Bxh4 Rc7
23.Bb3 Rxc1 24.Rxc1 Rd8 25.Qe2 Qd6 26.Nf3 Nxe4 27.Rd1 Nc3 28.Qd2 Qxd2 29.Rxd2 Rxd2
30.Nxd2 g5 31.Bg3 Ne2+ 32.Kh2 Bd4 33.Nf3 Nxg3 34.Nxd4 Nf1+ 35.Kg1 Nd2  0-1

[Event "ISR-chT"]
[Site "Israel"]
[Date "1999.03.26"]
[Round "5"]
[White "Tsifanskaya, Ludmila A"]
[Black "Polgar, Sofia"]
[Result "0-1"]
[WhiteElo "2223"]
[BlackElo "2505"]

1.e4 c5 2.Nf3 d6 3.c3 Nf6 4.d3 g6 5.g3 Bg7 6.Bg2 O-O 7.O-O Nc6 8.Re1 e5 9.a3 a5
10.a4 h6 11.Na3 d5 12.exd5 Nxd5 13.Nc4 Re8 14.Qb3 Nc7 15.Be3 Bf8 16.Rad1 Be6
17.Qa3 Nd4 18.Bxd4 exd4 19.cxd4 cxd4 20.Qb3 Bb4 21.Re4 Bd5 22.Rxe8+ Nxe8
23.Qc2 Ra6 24.Qc1 Rf6 25.Nfd2 Bxg2 26.Kxg2 Qd5+ 27.Kg1 Kg7 28.Re1 Re6 29.Rxe6 Qxe6
30.Nf3 Qf5 31.Qf4 Qxd3 32.Nxd4 Nf6 33.Ne3 Qb1+ 34.Kg2 Qxb2 35.h4 Bc5 36.Ne6+ fxe6
37.Qc7+ Kg8 38.Qxc5 Qxf2+ 39.Kh3 Qxg3+  0-1

[Event "ISR-chT"]
[Site "Israel"]
[Date "1999.04.09"]
[Round "7"]
[White "Chervonenko, Irina"]
[Black "Polgar, Sofia"]
[Result "1-0"]
[WhiteElo "2140"]
[BlackElo "2505"]

1.d4 d5 2.c4 e6 3.cxd5 exd5 4.Nc3 c6 5.Nf3 Be7 6.Bf4 Bf5 7.e3 Qb6 8.Qd2 Nf6
9.a3 Nbd7 10.Ne5 Nxe5 11.Bxe5 O-O 12.Na4 Qb3 13.Bxf6 Bxf6 14.Nc5 Qb6 15.Bd3 Bxd3
16.Qxd3 Qc7 17.b4 a5 18.O-O b6 19.Na4 Ra7 20.b5 Qd7 21.Rab1 Rb8 22.Rfc1 cxb5
23.Qxb5 Qd6 24.Rc6 Qxa3 25.Rxb6 Rc8 26.Nc5 h5 27.Qe2 a4 28.Qxh5 Qa2 29.Qf5 Raa8
30.R6b2 Qa3 31.Qxd5 Qc3 32.Rb7 a3 33.Qxf7+ Kh8 34.Qh5+ Kg8 35.Qd5+ Kh8 36.Qh5+ Kg8
37.Qf7+ Kh8 38.Qa2 Rf8 39.Ne4 Qc6 40.Nxf6 Qxf6 41.R1b5 Qg6 42.h3 Rfc8 43.g4 Rc1+
44.Kh2 Qd6+ 45.f4 g5 46.Rxg5 Rc7 47.Rxc7 Qxc7 48.Qe6  1-0

[Event "ISR-chT"]
[Site "Israel"]
[Date "1999.05.07"]
[Round "10"]
[White "Polgar, Sofia"]
[Black "Botvinnik, Irina"]
[Result "1/2-1/2"]
[WhiteElo "2505"]
[BlackElo "2164"]

1.e4 c5 2.Nf3 e6 3.d4 cxd4 4.Nxd4 a6 5.Bd3 Bc5 6.Nb3 Be7 7.O-O Nc6 8.f4 d6
9.Be3 Nf6 10.a4 b6 11.Qf3 Qc7 12.N1d2 Rb8 13.Rae1 O-O 14.g4 g6 15.Qh3 h5
16.gxh5 Nxh5 17.Re2 Kg7 18.Rg2 Rh8 19.Qf3 Bf6 20.c3 Kf8 21.Nd4 Ne7 22.Qf2 e5
23.fxe5 dxe5 24.Qf3 exd4 25.Bxd4 Bxd4+ 26.cxd4 f5 27.Nc4 Ke8 28.d5 b5 29.axb5 axb5
30.d6 Qc5+ 31.Qe3 Qxe3+ 32.Nxe3 f4 33.Ng4 Nc6 34.Rc1 Nb4 35.Bxb5+ Bd7 36.Bxd7+ Kxd7
37.Ne5+ Ke6 38.Nxg6 Rhg8 39.Rd1 Nc6 40.d7 f3 41.Rg5 Nf6 42.e5 Nd5 43.h4 Rgd8
44.Kf2 Rxd7 45.Kxf3 Rf7+ 46.Kg3 Rb3+ 47.Kh2 Rxb2+ 48.Kg1 Re2 49.h5 Nxe5 50.Rxe5+ Rxe5
51.Nxe5 Kxe5  1/2-1/2

[Event "ISR-chT"]
[Site "Israel"]
[Date "1999.05.08"]
[Round "11"]
[White "Kristol, Luba"]
[Black "Polgar, Sofia"]
[Result "0-1"]
[WhiteElo "2225"]
[BlackElo "2505"]

1.e4 e5 2.Nf3 Nc6 3.Bb5 Nf6 4.Nc3 Nd4 5.Bc4 c6 6.Nxe5 d5 7.exd5 Bd6 8.Nf3 Qe7+
9.Kf1 Nxf3 10.Qxf3 O-O 11.h3 Re8 12.g3 b5 13.Bd3 b4 14.Nd1 cxd5 15.Ne3 Bb7
16.Nf5 Qc7 17.Nxd6 Qxd6 18.Bb5 Qb6 19.Bxe8 d4 20.Qd1 Bxh1 21.Ba4 Qb7 22.d3 Bf3
23.Qe1 Qa6 24.b3 Qc8 25.g4 h5 26.Qe5 Qc3  0-1

[Event "NED-chT Playoff"]
[Site "Breda"]
[Date "1999.05.14"]
[Round "2"]
[White "Polgar, Sofia"]
[Black "Van den Doel, Erik"]
[Result "1/2-1/2"]
[WhiteElo "2505"]
[BlackElo "2535"]

1.e4 e5 2.Nf3 Nc6 3.Bb5 a6 4.Ba4 Nf6 5.O-O Be7 6.Re1 b5 7.Bb3 O-O 8.d3 d6
9.a3 Bg4 10.Nbd2 d5 11.exd5 Nxd5 12.h3 Bh5 13.g4 Bg6 14.Nxe5 Nxe5 15.Rxe5 Nb6
16.Re1 c5 17.Qe2 Qd7 18.Ne4 c4 19.dxc4 Rae8 20.Qd3 Qc7 21.cxb5 Bc5 22.Bd2 Bxf2+
23.Kxf2 Qh2+ 24.Kf1 Qh1+ 25.Kf2 Qh2+ 26.Kf1 Qh1+ 27.Kf2  1/2-1/2

[Event "Israeli League"]
[Site "Ramat Aviv ISR"]
[Date "2000.01.14"]
[Round "1"]
[White "Polgar,S"]
[Black "Dotan,V"]
[Result "1-0"]
[WhiteElo "2500"]
[BlackElo "2062"]

1.e4 c5 2.Nf3 d6 3.d4 cxd4 4.Nxd4 Nf6 5.Nc3 e6 6.Be2 Be7 7.O-O O-O 8.Kh1 Nc6
9.Be3 Bd7 10.Nb3 Na5 11.f4 Bc6 12.Bd3 Nxb3 13.axb3 Qb8 14.Qf3 b5 15.b4 Qb7
16.Bd4 g6 17.Qe2 a6 18.e5 Nh5 19.Ne4 Bxe4 20.Bxe4 d5 21.Bd3 Bxb4 22.g4 Ng7
23.c3 Be7 24.f5 gxf5 25.gxf5 exf5 26.Rg1 Kh8 27.Rxg7 Kxg7 28.Qh5 Rg8 29.e6+ f6
30.Bxf5  1-0

[Event "NED-chT"]
[Site "Leeuwarden NED"]
[Date "2000.03.19"]
[Round "6"]
[White "Polgar,S"]
[Black "Smeets,J"]
[Result "1-0"]
[WhiteElo "2500"]
[BlackElo "2178"]

1.e4 e5 2.Nf3 Nc6 3.Bb5 a6 4.Ba4 Nf6 5.O-O Nxe4 6.d4 b5 7.Bb3 d5 8.dxe5 Be6
9.c3 Bc5 10.Nbd2 O-O 11.Bc2 Bf5 12.Nb3 Bb6 13.Nfd4 Nxd4 14.Nxd4 Bg6 15.Be3 Qd7
16.Kh1 c5 17.Ne2 Qf5 18.f3 Ng3+ 19.Nxg3 Qxc2 20.f4 d4 21.cxd4 cxd4 22.Bxd4 Bxd4
23.Qxd4 Rfd8 24.Qf2 Bd3 25.Qxc2 Bxc2 26.Rf2 Rac8 27.h4 Kf8 28.Rc1 Bf5 29.Rxc8 Bxc8
30.h5 b4 31.Ne4 Rd4 32.Nd6 Bg4 33.g3 Bxh5 34.Rc2 Bg4 35.f5 f6 36.Rc8+ Ke7
37.Rc7+ Kf8 38.Rf7+ Kg8 39.Rd7 h5 40.e6 Bf3+ 41.Kg1 Bc6 42.Rd8+ Kh7 43.e7 Rd1+
44.Kf2 Rd2+ 45.Ke3 Rxb2 46.Rc8 Ba4 47.Rb8 Rxa2 48.Rxb4 Ra3+ 49.Kd4 Bd7 50.Rb7 Bc6
51.e8=Q Bxe8 52.Nxe8 Rxg3 53.Nxf6+ Kh6 54.Ne4 Rg1 55.Rb6+ Kh7 56.Rxa6 Rg2
57.Ke5 Rg1 58.Ra7 Kh6 59.Ra8 Kh7 60.f6 Kg6 61.Ke6 Re1 62.f7 Rxe4+ 63.Kd5 Rf4
64.f8=Q Rxf8 65.Rxf8 Kg5 66.Ke4 Kg4 67.Rf1 Kg3 68.Rg1+ Kf2 69.Rh1  1-0

[Event "Israeli League"]
[Site "Ramat Aviv ISR"]
[Date "2000.03.31"]
[Round "8"]
[White "Polgar,S"]
[Black "Botvinnik,Ir"]
[Result "1-0"]
[WhiteElo "2500"]
[BlackElo "2182"]

1.e4 c5 2.Nf3 e6 3.d4 cxd4 4.Nxd4 a6 5.Bd3 Bc5 6.Nb3 Be7 7.a4 Qc7 8.Be3 d6
9.a5 Nd7 10.N1d2 Ngf6 11.f4 e5 12.O-O exf4 13.Bxf4 Ne5 14.Be3 Be6 15.Nd4 O-O
16.Nf5 Bxf5 17.Rxf5 g6 18.Rf1 d5 19.Kh1 Neg4 20.Bf4 Bd6 21.Qf3 dxe4 22.Nxe4 Nxe4
23.Bxe4 Ne5 24.Qb3 Rab8 25.Rad1 Rfe8 26.Bd5 Kh8 27.Bd2 Re7 28.Bg5 Rd7 29.Bf6+ Kg8
30.Qh3 h5 31.Be6 Rdd8 32.Bxd8 Rxd8 33.Bd5 Bf8 34.Qg3 Rd7 35.c4 Ng4 36.Rxf7 Rxd5
37.Rxf8+ Kxf8 38.Rf1+ Nf2+ 39.Rxf2+  1-0

[Event "Israeli League"]
[Site "Ramat Aviv ISR"]
[Date "2000.04.28"]
[Round "9"]
[White "Potikha,L"]
[Black "Polgar,S"]
[Result "0-1"]
[WhiteElo "2099"]
[BlackElo "2500"]

1.e4 c5 2.Nf3 Nc6 3.Bb5 e6 4.O-O Nge7 5.Re1 a6 6.Bxc6 Nxc6 7.Nc3 Be7 8.d4 cxd4
9.Nxd4 d6 10.Nxc6 bxc6 11.Qg4 g6 12.Bh6 e5 13.Qe2 Be6 14.Na4 g5 15.h4 gxh4
16.Rad1 Rg8 17.Qe3 Rb8 18.b3 Rg6 19.c4 Qc8 20.Kh2 f6 21.Qd2 Kf7 22.f4 Rxh6
23.fxe5 Rh5 24.exd6 Bf8 25.Rf1 Bg4 26.Rde1 Qe6 27.c5 Bh6 28.Qa5 Qxd6+ 29.cxd6 Rxa5
30.e5 Bg5 31.Nc3 Re8 32.Rd1  0-1

[Event "Israeli League"]
[Site "Ramat Aviv ISR"]
[Date "2000.05.12"]
[Round "11"]
[White "Len,I"]
[Black "Polgar,S"]
[Result "0-1"]
[WhiteElo "2081"]
[BlackElo "2500"]

1.d4 Nf6 2.c4 c5 3.d5 b5 4.cxb5 a6 5.b6 a5 6.Nc3 a4 7.e4 d6 8.Bb5+ Bd7 9.b7 Ra5
10.Bd3 Qb6 11.Nf3 Qxb7 12.O-O g6 13.Bd2 Bg7 14.Ne2 Ra7 15.Bc3 O-O 16.Nd2 Bb5
17.Qc2 Nbd7 18.f4 Qa6 19.Bxb5 Qxb5 20.Ng3 Rb8 21.Nf3 Rab7 22.Rad1 Ne8 23.e5 Qc4
24.Qe4 Nb6 25.Ng5 Qxe4 26.N3xe4 Nc4 27.Rde1 h6 28.Nf3 Nxb2 29.exd6 exd6 30.Nfd2 Nd3
31.Re3 Nb4 32.Bxg7 Kxg7 33.Ra3 Nxd5 34.Rxa4 f5 35.Ng3 Nc3 36.Ra6 Rb2 37.Ra7+ Kf6
38.Nc4 Rxa2 39.Rh7 Rb4 40.Ne3 d5 41.Rxh6 Kg7 42.Nexf5+ gxf5 43.Nxf5+ Kf7
44.Rc6 Ne2+ 45.Kh1 Rxf4 46.Nh6+ Kg7 47.Rb1 Nf6  0-1

[Event "Dutch Team Championships"]
[Site "Breda NED"]
[Date "2000.06.01"]
[Round "1"]
[White "Polgar,S"]
[Black "Riemersma,L"]
[Result "0-1"]
[WhiteElo "2500"]
[BlackElo "2413"]

1.e4 c5 2.Nf3 Nc6 3.d4 cxd4 4.Nxd4 Qc7 5.Nc3 e6 6.Be2 d6 7.Be3 Nf6 8.O-O Be7
9.f4 O-O 10.Kh1 Bd7 11.Nb3 Na5 12.Nxa5 Qxa5 13.Qe1 Kh8 14.Qg3 Bc6 15.Bd4 Rad8
16.Bd3 Rg8 17.Rae1 Nd7 18.Qh3 Nc5 19.Qh5 f6 20.Re3 g6 21.Qh4 Rdf8 22.e5 Qd8
23.exd6 Qxd6 24.Bxc5 Qxc5 25.Rxe6 Rg7 26.Qf2 Qb4 27.Qe1 Bd6 28.Be4 Bd7 29.a3 Qd4
30.Bd5 Bxe6 31.Qxe6 Qb6 32.Ne4 Bc7 33.f5 gxf5 34.Qxb6 Bxb6 35.Rxf5 Bd4 36.b3 Re7
37.g4 Rd8 38.c4 Rxd5 39.Rxd5 Rxe4 40.Rd8+ Kg7 41.Kg2 Bc5 42.b4 Bf8 43.c5 Re7
44.Kf3 Kf7 45.Ra8 a6 46.c6 bxc6 47.Rxa6 Bh6 48.a4 Re3+ 49.Kf2 Re4 50.Ra7+ Kg6
51.Rb7 Bd2 52.a5 Rxb4 53.Rd7 Rb2 54.a6 Bg5+ 55.Kf3 Ra2  0-1

[Event "Schuhplattler Veterans vs Ladies"]
[Site "Munich GER"]
[Date "2000.07.04"]
[Round "1"]
[White "Polgar,S"]
[Black "Hort,V"]
[Result "1-0"]
[WhiteElo "2501"]
[BlackElo "2539"]

1.e4 c5 2.Nf3 Nc6 3.d4 cxd4 4.Nxd4 Nf6 5.Nc3 d6 6.Bc4 Qb6 7.Nb3 e6 8.Bd3 Be7
9.f4 O-O 10.Qf3 Nb4 11.Be3 Nxd3+ 12.cxd3 Qa6 13.Rd1 Bd7 14.O-O Rfe8 15.Qg3 Kh8
16.Bd4 Rg8 17.Nd2 Raf8 18.a3 Bd8 19.Bf2 b6 20.Kh1 Qb7 21.Qh3 Bc6 22.Nf3 h6
23.Bd4 Nh7 24.g4 Bd7 25.f5 e5 26.Be3 f6 27.Nh4 Be8 28.Ng6+ Bxg6 29.fxg6 Ng5
30.Qh5 f5 31.gxf5 d5 32.Nxd5  1-0

[Event "Schuhplattler Veterans vs Ladies"]
[Site "Munich GER"]
[Date "2000.07.05"]
[Round "2"]
[White "Korchnoi,V"]
[Black "Polgar,S"]
[Result "1-0"]
[WhiteElo "2620"]
[BlackElo "2501"]

1.d4 Nf6 2.c4 c6 3.Nf3 d5 4.Qb3 e6 5.g3 Nbd7 6.Bg2 Be7 7.O-O O-O 8.Nc3 Qb6
9.Rd1 Qxb3 10.axb3 b6 11.e4 Bb7 12.e5 Ne8 13.Bg5 Bxg5 14.Nxg5 h6 15.Nh3 Nc7
16.Nf4 a5 17.h4 Ba6 18.Rac1 Rac8 19.cxd5 cxd5 20.Rd2 Nb5 21.Bf1 g5 22.Bxb5 Bxb5
23.hxg5 hxg5 24.Nh3 g4 25.Nf4 Rc6 26.Kg2 Rfc8 27.Rh1 Rxc3 28.bxc3 Rxc3 29.Rh4 Bc6
30.Ne2 Rxb3 31.Rc2 Nb8 32.Rxg4+ Kf8 33.Rh4 Rb4 34.Rh8+ Ke7 35.Rxb8 Rc4 36.Rxc4 dxc4+
37.d5  1-0

[Event "Schuhplattler Veterans vs Ladies"]
[Site "Munich GER"]
[Date "2000.07.06"]
[Round "3"]
[White "Polgar,S"]
[Black "Bouwmeester,H"]
[Result "1-0"]
[WhiteElo "2501"]
[BlackElo "2414"]

1.e4 e5 2.Nf3 Nc6 3.Bb5 Nf6 4.O-O d6 5.d4 Bd7 6.Re1 Be7 7.Nc3 exd4 8.Nxd4 O-O
9.Bxc6 bxc6 10.Bf4 Rb8 11.b3 c5 12.Nf3 Be6 13.Qd3 Nd7 14.Nd1 a5 15.Ne3 Nb6
16.Rad1 a4 17.e5 d5 18.Nf5 c4 19.bxc4 Nxc4 20.Nxe7+ Qxe7 21.Ng5 g6 22.Qg3 Nb2
23.Rd2 c6 24.c3 Rb7 25.Nxh7 Kxh7 26.Bg5 f6 27.exf6 Qf7 28.Rde2 Nc4 29.Bh6 Rfb8
30.Bg7 Kg8 31.Qh4 Qd7 32.Qh8+ Kf7 33.Qh7 Rb1 34.Rxe6 Qxe6 35.Bh8+ Ke8 36.Qg8+  1-0

[Event "Schuhplattler Veterans vs Ladies"]
[Site "Munich GER"]
[Date "2000.07.11"]
[Round "7"]
[White "Polgar,S"]
[Black "Korchnoi,V"]
[Result "0-1"]
[WhiteElo "2501"]
[BlackElo "2620"]

1.e4 e6 2.d4 d5 3.Nc3 Nf6 4.Bg5 Bb4 5.e5 h6 6.Bd2 Bxc3 7.bxc3 Ne4 8.Qg4 Kf8
9.Nf3 c5 10.Qf4 c4 11.Be2 Nc6 12.O-O Nxd2 13.Qxd2 Ke8 14.g3 Kd7 15.Nh4 Kc7
16.f4 g6 17.Ng2 h5 18.Nh4 Qe7 19.Nf3 Qa3 20.Ng5 Nd8 21.h3 b5 22.Rab1 Rb8
23.Kg2 Bd7 24.g4 hxg4 25.hxg4 a5 26.Rf3 Rb6 27.Kg3 Rb7 28.Kg2 Kb8 29.Kg3 Ka7
30.Kg2 Bc8 31.Kg3 Nc6 32.Kg2 Ka8 33.Bd1 Qe7 34.Be2 Bd7 35.Rff1 b4 36.Rh1 Rxh1
37.Rxh1 bxc3 38.Qxc3 Qb4 39.Qe3 Qb2 40.c3 Qxa2 41.Nxf7 a4 42.Nd6 Rb8 43.Rh7 a3
44.Rxd7 Rb2 45.Kf2 Rxe2+ 46.Qxe2 Qxe2+ 47.Kxe2 a2 48.Rc7 a1=Q 49.Rxc6 Qb2+
50.Kd1 Qb1+ 51.Ke2 Qc2+ 52.Kf1 Qc1+ 53.Kg2 Qxf4 54.Kh3 g5 55.Nb5 Kb7 56.Rxe6 Qf3+
57.Kh2 Qf2+ 58.Kh3 Qh4+  0-1

[Event "Schuhplattler Veterans vs Ladies"]
[Site "Munich GER"]
[Date "2000.07.13"]
[Round "8"]
[White "Bouwmeester,H"]
[Black "Polgar,S"]
[Result "1/2-1/2"]
[WhiteElo "2414"]
[BlackElo "2501"]

1.d4 Nf6 2.Nf3 c5 3.d5 b5 4.Bg5 Ne4 5.Bh4 Qb6 6.Nbd2 f5 7.Nxe4 fxe4 8.Nd2 Qg6
9.e3 c4 10.a4 e6 11.axb5 exd5 12.Nxc4 Qe6 13.Na5 a6 14.Nb3 Bb7 15.Bg3 Be7
16.Bxb8 Rxb8 17.bxa6 Ba8 18.Be2 O-O 19.O-O Bd6 20.g3 Rf6 21.Nd4 Qe5 22.Bg4 Rxb2
23.Bxd7 Bc5 24.Bg4 g6 25.Nb3 Ba7 26.Ra5  1/2-1/2

[Event "Schuhplattler Veterans vs Ladies"]
[Site "Munich GER"]
[Date "2000.07.15"]
[Round "10"]
[White "Smyslov,V"]
[Black "Polgar,S"]
[Result "1/2-1/2"]
[WhiteElo "2486"]
[BlackElo "2501"]

1.e4 c5 2.c3 d5 3.exd5 Qxd5 4.d4 Nf6 5.Nf3 Bg4 6.Be2 e6 7.h3 Bh5 8.O-O Nc6
9.Be3 cxd4 10.Nxd4 Bxe2 11.Qxe2 Be7 12.Nd2 O-O 13.Nxc6 Qxc6 14.Qc4  1/2-1/2

[Event "Klompendans"]
[Site "Amsterdam NED"]
[Date "2001.11.01"]
[Round "8"]
[White "Smyslov,V"]
[Black "Polgar,S"]
[Result "1/2-1/2"]
[WhiteElo "2491"]
[BlackElo "2469"]

1.e4 c5 2.c3 d5 3.exd5 Qxd5 4.Nf3 g6 5.Qb3 Be6 6.Qxd5 Bxd5 7.d4 Bxf3 8.gxf3 cxd4
9.cxd4 Bg7 10.Bb5+ Nd7 11.Be3 a6 12.Ba4 Nf6 13.Nc3 O-O 14.Ke2  1/2-1/2

[Event "TCh-ISR"]
[Site "ISR"]
[Date "2002.01.18"]
[Round "2"]
[White "Polgar,S"]
[Black "Bitansky,I"]
[Result "1/2-1/2"]
[WhiteElo "2464"]
[BlackElo "2297"]

1.e4 d5 2.exd5 Qxd5 3.Nc3 Qa5 4.d4 Nf6 5.Nf3 c6 6.Ne5 Bf5 7.Nc4 Qc7 8.g3 g6
9.Bg2 Bg7 10.Bf4 Qc8 11.h4 O-O 12.Ne3 Be6 13.Qf3 Na6 14.O-O-O Nb4 15.a3 Nbd5
16.Ncxd5 Nxd5 17.h5 Nxf4 18.Qxf4 h6 19.Qe4 f5 20.Qd3 g5 21.f4 gxf4 22.gxf4 Qc7
23.Rhf1 Rad8 24.c3 Qa5 25.Bh3 Qb5 26.Qxb5 cxb5 27.Rg1 Bc8 28.Rg6 Kh7 29.d5 Rd6
30.Rdg1 Rxg6 31.Rxg6 Bd7 32.Kd2 Rf7 33.Bf1 Kg8 34.Bd3 Kf8 35.b3 Ke8 36.c4 bxc4
37.bxc4 b6 38.Nc2 Ba4 39.Ne1 Kf8 40.Nf3 Rf6 41.Rg1 Rd6 42.Nh4 e6 43.dxe6 Rxe6
44.Nxf5 Bb2 45.Rg6 Bd7 46.Nxh6 Rxg6 47.hxg6 Kg7 48.Nf7 Bxa3 49.Ne5 Be8 50.f5 Bb2
51.Nf3 Bf6 52.Kc2 Ba4+ 53.Kb1 a5 54.Nd2 Bc6 55.Ka2 Be5 56.Ne4 Bxe4 57.Bxe4 Kf6  1/2-1/2

[Event "TCh-ISR"]
[Site "ISR"]
[Date "2002.04.12"]
[Round "8"]
[White "Tseitlin,Ma"]
[Black "Polgar,S"]
[Result "0-1"]
[WhiteElo "2486"]
[BlackElo "2464"]

1.e4 c5 2.Nf3 e6 3.Nc3 Nc6 4.Bb5 Nd4 5.O-O a6 6.Bd3 Nc6 7.Re1 d6 8.Bf1 Nf6
9.d4 cxd4 10.Nxd4 Qc7 11.Nxc6 bxc6 12.g4 e5 13.g5 Nd7 14.Bg2 Be7 15.Be3 Nf8
16.Na4 Rb8 17.b3 Ne6 18.Qd2 O-O 19.Rad1 f6 20.gxf6 Rxf6 21.c4 Nf4 22.Bxf4 Rxf4
23.c5 dxc5 24.Qc3 Bg4 25.f3 Bh5 26.Rd3 Rd8 27.Rxd8+ Qxd8 28.Qxe5 Qd2 29.Qc3 Qd6
30.Nb2 Rh4 31.e5 Qh6 32.Nd3 Bg6 33.Nf2 Qf4 34.h3 c4 35.Ne4 Bf7 36.bxc4 Be6
37.c5 h5 38.Qe3 Qxe5 39.Nd6 Bxd6 40.cxd6 Qxe3+ 41.Rxe3 Kf7 42.Ra3 Rd4 43.Rxa6 Rxd6
44.f4 Rd1+ 45.Kf2 Rd2+ 46.Kg1 c5 47.a4 c4 48.Ra7+ Kf6 49.Rc7 Ra2 50.Be4 Rxa4
51.Rc6 Ke7 52.f5 Bd7 53.Rg6 c3 54.Rxg7+ Kd6 55.Bc2 Ra1+ 56.Kh2 h4 57.Be4 Re1
58.Bd3 Rd1 59.Be4 Re1 60.Bd3 Re3 61.Bb1 Re2+ 62.Rg2 Rxg2+ 63.Kxg2 Ke5 64.Kf3 Bxf5
65.Bxf5 Kxf5 66.Ke3 c2 67.Kd2 Kf4  0-1

[Event "40th Ann Open"]
[Site "Curacao AHO"]
[Date "2002.11.18"]
[Round "1"]
[White "Polgar,S"]
[Black "Bet,J"]
[Result "1-0"]
[WhiteElo "2462"]
[BlackElo "2131"]

1.e4 e6 2.d4 d5 3.Nc3 Nf6 4.Bg5 Be7 5.e5 Nfd7 6.Bxe7 Qxe7 7.f4 a6 8.Nf3 c5
9.Qd2 Nc6 10.dxc5 Nxc5 11.g3 b5 12.a3 Bb7 13.Nd4 O-O 14.Bg2 Rfd8 15.Nce2 Nd7
16.O-O Rac8 17.Qe3 Nxd4 18.Nxd4 Nb8 19.f5 Nc6 20.f6 Qf8 21.fxg7 Qxg7 22.Nf3 Ne7
23.Rf2 Nf5 24.Qb6 Rd7 25.Bh3 Rc6 26.Qa5 Ne3 27.Nd4 Nc4 28.Qb4 Rb6 29.Re1 Nxe5
30.a4 Nc6 31.Nxc6 Rxc6 32.axb5 axb5 33.Qxb5 Rdc7 34.c3 Ba6 35.Qa5 Bc8 36.Rf4 Rc4
37.Rxc4 Rxc4 38.Bf1 Re4 39.Rxe4 dxe4 40.Qc7 Qf8 41.b4 Qe8 42.b5  1-0

[Event "40th Ann Open"]
[Site "Curacao AHO"]
[Date "2002.11.20"]
[Round "3"]
[White "Polgar,S"]
[Black "Korchnoi,V"]
[Result "1/2-1/2"]
[WhiteElo "2462"]
[BlackElo "2634"]

1.e4 e6 2.d3 c5 3.Nf3 Nc6 4.g3 d6 5.Bg2 Nf6 6.O-O Be7 7.Re1 O-O 8.c3 Bd7
9.d4 cxd4 10.cxd4 d5 11.exd5 Nxd5 12.Nc3 Rc8 13.Bd2 Bf6 14.Ne5 Nxc3 15.Bxc3 Be8
16.Qg4 Qc7 17.Rad1 a5 18.Rc1 Ne7 19.Nd3 Bc6 20.Bxc6 Nxc6 21.Nf4 g6 22.d5 Bxc3
23.Rxc3 exd5 24.Nxd5 Qd6 25.Rd1 Rce8 26.Nb6 Qe6 27.Qxe6 Rxe6 28.Rd7 Nd4 29.Rxd4 Rxb6
30.b3 Rf6 31.Rd7 Re8 32.Rc2 b6 33.Kg2 g5 34.Rd5 h6 35.a4 Re4 36.Rb5 Kg7 37.h3 Kg6
38.Rb2 h5 39.b4 axb4 40.R5xb4 Rxb4  1/2-1/2

[Event "40th Ann Open"]
[Site "Curacao AHO"]
[Date "2002.11.23"]
[Round "5"]
[White "Polgar,S"]
[Black "Hernandez,Alex"]
[Result "1-0"]
[WhiteElo "2462"]
[BlackElo "2269"]

1.e4 e5 2.Nf3 Nc6 3.Bb5 a6 4.Ba4 Nf6 5.O-O b5 6.Bb3 Be7 7.d4 d6 8.c3 Bg4
9.Be3 Na5 10.dxe5 Bxf3 11.Qxf3 dxe5 12.Bc2 Nc4 13.Bc1 Bc5 14.b3 Nd6 15.Rd1 O-O
16.Nd2 Qc8 17.h3 Qb7 18.Re1 b4 19.Nf1 bxc3 20.Bg5 Nd7 21.Qg4 Qc8 22.Rad1 Bd4
23.Ng3 Nc5 24.Nf5 Nxf5 25.exf5 f6 26.Be3 Bxe3 27.Rxe3 Nd7 28.b4 Nb6 29.Rg3 g6
30.Qh5 Kg7 31.Rxg6+ hxg6 32.Qxg6+ Kh8 33.Qh6+ Kg8 34.Bb3+  1-0

[Event "40th Ann Open"]
[Site "Curacao AHO"]
[Date "2002.11.24"]
[Round "6"]
[White "Timman,J"]
[Black "Polgar,S"]
[Result "1/2-1/2"]
[WhiteElo "2594"]
[BlackElo "2462"]

1.d4 d5 2.c4 e6 3.Nf3 Nf6 4.Nc3 c6 5.Bg5 h6 6.Bxf6 Qxf6 7.Qb3 dxc4 8.Qxc4 Nd7
9.g3 e5 10.O-O-O exd4 11.Rxd4 Nb6 12.Qd3 Bc5 13.Re4+ Be7 14.Rf4 Qd6 15.Qxd6 Bxd6
16.Re4+ Kf8 17.Nd4 f5 18.Re3 Kf7 19.Bg2 Nc4 20.Rd3 Ne5 21.Rd2 Nc4 22.Rd3 Ne5
23.Rd2 Nc4 24.Rdd1 Be5 25.b3 Nb6 26.f4 Bc7 27.h4 Re8 28.Rd3 Nd7 29.Nxc6 Nc5
30.Rd5 Nxb3+ 31.axb3 bxc6 32.Rd3 Re6 33.Nb5 Bb6 34.Nd6+ Kf6 35.e4 fxe4 36.Nxe4+ Ke7
37.Rhd1 a5 38.Nc3 Ba6 39.Rd7+ Kf8 40.R1d6 Re3 41.Na4 Rxb3 42.Rxc6 Rb8 43.Nxb6  1/2-1/2

[Event "40th Ann Open"]
[Site "Curacao AHO"]
[Date "2002.11.25"]
[Round "7"]
[White "Macieja,B"]
[Black "Polgar,S"]
[Result "1-0"]
[WhiteElo "2615"]
[BlackElo "2462"]

1.e4 e5 2.Nf3 Nc6 3.Bc4 Bc5 4.c3 Nf6 5.d3 a6 6.O-O d6 7.Bb3 Ba7 8.Re1 h6
9.Nbd2 Ne7 10.Nf1 Ng6 11.h3 Be6 12.Bxe6 fxe6 13.Qb3 Qc8 14.Ng3 O-O 15.d4 exd4
16.cxd4 Kh7 17.Be3 d5 18.Qc2 Qd8 19.e5 Ng8 20.h4 Rxf3 21.h5 Rxg3 22.fxg3 Qe8
23.hxg6+ Qxg6 24.Qxc7 Qxg3 25.Qf7 Qg4 26.Qxb7 Bxd4 27.Qxa8 Qf4 28.Qxa6 Bxe3+
29.Rxe3 Qxe3+ 30.Kh1 Qxe5 31.Qd3+ g6 32.Rf1 h5 33.Qa3 h4 34.Qa7+ Kh6 35.Qf7 Qe2
36.Qf8+ Kh5 37.Qf3+ Qxf3 38.gxf3 Ne7 39.Rc1 Nf5 40.a4 Nd4 41.a5 Nxf3 42.a6  1-0

[Event "40th Ann Open"]
[Site "Curacao AHO"]
[Date "2002.11.28"]
[Round "9"]
[White "Mensing,F"]
[Black "Polgar,S"]
[Result "0-1"]
[WhiteElo "2200"]
[BlackElo "2462"]

1.d4 d5 2.Nf3 Nf6 3.Bf4 g6 4.h3 Bg7 5.e3 c5 6.c3 b6 7.Be2 Bb7 8.Nbd2 O-O
9.Ne5 Nfd7 10.Ndf3 Nc6 11.Nxc6 Bxc6 12.O-O e6 13.a4 a6 14.Qc2 Qe7 15.Rfc1 h6
16.h4 f5 17.c4 Kh7 18.a5 dxc4 19.axb6 Nxb6 20.dxc5 Qxc5 21.Nd4 Bd5 22.Nf3 Be4
23.Bd3 Bxd3 24.Qxd3 e5 25.Bh2 e4 26.Qd6 Qxd6 27.Bxd6 Rf6 28.Be5 exf3 29.Bxf6 Bxf6
30.Rd1 Bxb2 31.Rab1 c3 32.Rd6  0-1